000
00287nam a22001337a 4500
008
181107b xxu||||| |||| 00| 0 eng d
020
_a
9780465003457
041
_a
eng
080
_a
330
100
_a
52
101
_a
EKO
245
_a
Applied Economics
_c
Sowell,Th
942
_2
udc
_c
BK
999
_c
52121
_d
52121